| 000 | 00505cam a2200145 4500500 | ||
|---|---|---|---|
| 005 | 20251228083151.0 | ||
| 041 | _afre | ||
| 042 | _adc | ||
| 100 | 1 | 0 |
_aHarvey, Sara _eauthor |
| 245 | 0 | 0 | _aCommerces et auctorialités dans les Extraordinaires du Mercure galant (1678-1680) |
| 260 | _c2016. | ||
| 500 | _a63 | ||
| 786 | 0 | _nDix-septième siècle | 270 | 1 | 2016-02-23 | p. 81-96 | 0012-4273 | |
| 856 | 4 | 1 | _uhttps://shs.cairn.info/revue-dix-septieme-siecle-2016-1-page-81?lang=fr&redirect-ssocas=7080 |
| 999 |
_c1600725 _d1600725 |
||